000 00272nam a2200109Ia 4500
001 1260263
005 20260417140328.0
008 260417s9999 xx 000 0 und d
020 _a9786257303941
245 0 _aKızıl Elma
_cCengiz Aytmatov
260 _bKetebe Yayınları
999 _c1260263
_d1260263